[Event "DSOL 06 Liga Gr-D 1st"]
[Site "Playchess.com INT"]
[Date "2020.07.14"]
[Round "4.3"]
[White "Weczerek, Dieter"]
[Black "Weihrauch, Sebastian"]
[Result "1/2-1/2"]
[WhiteElo "1667"]
[BlackElo "1683"]
[PlyCount "82"]
[EventDate "2020.06.22"]
[EventType "team-tourn (rapid)"]
[EventCountry "GER"]
[SourceTitle "EXT 2021"]
[Source "ChessBase"]
[SourceDate "2020.10.23"]
[SourceVersion "1"]
[SourceVersionDate "2020.10.23"]
[SourceQuality "1"]
[WhiteTeam "Fallersleben"]
[BlackTeam "Hamburger SK VI"]
[WhiteTeamCountry "GER"]
[BlackTeamCountry "GER"]

1. e4 e6 2. d4 d5 3. Nc3 c5 4. exd5 cxd4 5. Qxd4 Nc6 6. Bb5 exd5 7. Qxd5 Bd7 8. Bg5 Nf6 9. Bxf6 Qxf6 10. 0-0-0 0-0-0 11. Bxc6 Bxc6 12. Qxd8+ Qxd8 13. Rxd8+ Kxd8 14. f3 Bc5 15. Nge2 Kc7 16. Rd1 h5 17. Nd4 Re8 18. Nxc6 Kxc6 19. a3 a5 20. Ne4 Be3+ 21. Kb1 Bf4 22. g3 Be5 23. c3 h4 24. Rg1 hxg3 25. hxg3 a4 26. Kc2 b5 27. Rg2 Bc7 28. Nd2 g5 29. Ne4 g4 30. Nd2 Rg8 31. f4 Re8 32. Kd3 Rd8+ 33. Kc2 Re8 34. Nf1 Bb6 35. Kd1 f5 36. Re2 Rxe2 37. Kxe2 Kd5 38. Kd3 Bf2 39. Ke2 Bb6 40. Kd3 Bf2 41. Ke2 Bb6 1/2-1/2

[Event "Niedersachsen-ch Seniors 49th"]
[Site "Wesel Undeloh"]
[Date "2015.07.19"]
[Round "1"]
[White "Weczerek, Dieter"]
[Black "Schneider, Alexander"]
[Result "0-1"]
[WhiteElo "1678"]
[BlackElo "1981"]
[PlyCount "74"]
[EventDate "2015.07.19"]
[EventType "swiss"]
[EventRounds "7"]
[EventCountry "GER"]
[SourceTitle "EXT 2018"]
[Source "ChessBase"]
[SourceDate "2017.10.13"]
[SourceVersion "1"]
[SourceVersionDate "2017.10.13"]
[SourceQuality "1"]

1. e4 c6 2. d4 d5 3. Nc3 dxe4 4. Nxe4 Bf5 5. Ng3 Bg6 6. Nf3 e6 7. h4 h6 8. h5 Bh7 9. Bd3 Bxd3 10. Qxd3 Nf6 11. Bd2 Nbd7 12. 0-0 Bd6 13. Rfe1 Bxg3 14. fxg3 0-0 15. Nh2 Nxh5 16. g4 Nhf6 17. g5 hxg5 18. Bxg5 Qa5 19. Nf3 Rfe8 20. b4 Qf5 21. Qxf5 exf5 22. Bxf6 Nxf6 23. Re5 Rxe5 24. dxe5 Nd5 25. Nd4 Re8 26. b5 cxb5 27. Nxb5 Rxe5 28. Nxa7 Re2 29. Rf1 Ne3 30. Rb1 Rxg2+ 31. Kh1 Rxc2 32. Rxb7 Rxa2 33. Nc6 f4 34. Ne5 f6 35. Nf3 g5 36. Nd4 g4 37. Ne6 Ra1+ 0-1

[Event "Niedersachsen-ch op-B"]
[Site "Verden"]
[Date "2012.01.04"]
[Round "6"]
[White "Laubrock, Paul"]
[Black "Weczerek, Dieter"]
[Result "0-1"]
[WhiteElo "1673"]
[BlackElo "1843"]
[PlyCount "126"]
[EventDate "2012.01.02"]
[EventType "swiss"]
[EventRounds "7"]
[EventCountry "GER"]
[SourceTitle "EXT 2021"]
[Source "ChessBase"]
[SourceDate "2020.10.23"]
[SourceVersion "1"]
[SourceVersionDate "2020.10.23"]
[SourceQuality "1"]

1. e4 e6 2. d4 d5 3. exd5 exd5 4. Bd3 Nf6 5. Ne2 Bd6 6. Nbc3 c6 7. Bf4 0-0 8. Qd2 Qc7 9. f3 b6 10. 0-0-0 a5 11. g4 Ba6 12. Bxd6 Qxd6 13. h4 Bxd3 14. Qxd3 Na6 15. h5 Nb4 16. Qd2 Rfe8 17. g5 Nd7 18. f4 Qe6 19. Kb1 Qe3 20. Qxe3 Rxe3 21. h6 Rae8 22. Rh2 g6 23. Rf2 f5 24. Kc1 Nxa2+ 25. Kd2 Nxc3 26. Nxc3 b5 27. Rdf1 Nb6 28. b3 a4 29. Re2 Rxe2+ 30. Nxe2 axb3 31. cxb3 Ra8 32. Rc1 Rc8 33. Ra1 Rc7 34. Ra6 Nc8 35. Ra8 Kf7 36. Ng3 Ke6 37. Ke3 Kd6 38. Ra6 Ke6 39. Kf3 Nd6 40. Ra1 Ne4 41. Nxe4 dxe4+ 42. Ke3 c5 43. dxc5 Rxc5 44. Kd4 Rd5+ 45. Kc3 Rd3+ 46. Kb4 e3 47. Kc5 e2 48. Re1 Re3 49. b4 Re4 50. Kc6 Rxb4 51. Rxe2+ Re4 52. Rd2 Rc4+ 53. Kxb5 Rxf4 54. Kc6 Rc4+ 55. Kb5 Rc8 56. Re2+ Kd6 57. Re3 f4 58. Re4 Rf8 59. Kc4 f3 60. Re1 f2 61. Rf1 Ke5 62. Kd3 Rf4 63. Ke2 Kf5 0-1

[Event "Niedersachsen-ch op-B"]
[Site "Verden"]
[Date "2012.01.03"]
[Round "4"]
[White "Rinck, Klaus"]
[Black "Weczerek, Dieter"]
[Result "1-0"]
[WhiteElo "1754"]
[BlackElo "1843"]
[PlyCount "53"]
[EventDate "2012.01.02"]
[EventType "swiss"]
[EventRounds "7"]
[EventCountry "GER"]
[SourceTitle "EXT 2021"]
[Source "ChessBase"]
[SourceDate "2020.10.23"]
[SourceVersion "1"]
[SourceVersionDate "2020.10.23"]
[SourceQuality "1"]

1. e4 e6 2. d4 d5 3. Nd2 Nf6 4. e5 Nfd7 5. c3 c5 6. Ngf3 Nc6 7. Bd3 Qb6 8. 0-0 cxd4 9. cxd4 Nxd4 10. Nxd4 Qxd4 11. Nf3 Qb6 12. Qa4 a6 13. Be3 Bc5 14. Bxc5 Qxc5 15. Rac1 Qb6 16. Rc2 Qd8 17. Rfc1 0-0 18. Qg4 f5 19. Qg3 h6 20. Be2 Qe8 21. Rc7 Kh7 22. h4 Rg8 23. R1c3 Nf8 24. Ng5+ Kh8 25. Nf7+ Kh7 26. Bh5 Nd7 27. Qg6# 1-0

[Event "Niedersachsen-ch open"]
[Site "Verden"]
[Date "2010.01.05"]
[Round "5.48"]
[White "Bischoff, Norbert"]
[Black "Weczerek, Dieter"]
[Result "0-1"]
[WhiteElo "1741"]
[BlackElo "1786"]
[PlyCount "32"]
[EventDate "2010.01.03"]
[EventType "swiss"]
[EventRounds "7"]
[EventCountry "GER"]
[SourceTitle "EXT 2012"]
[Source "ChessBase"]
[SourceDate "2011.11.24"]
[SourceVersion "1"]
[SourceVersionDate "2011.11.24"]
[SourceQuality "1"]

1. d4 Nf6 2. c4 e5 3. dxe5 Ng4 4. e4 Nxe5 5. f4 Ng6 6. Be3 Bb4+ 7. Nc3 Nc6 8. Nf3 d6 9. Qd2 Bg4 10. Be2 Qe7 11. f5 Nge5 12. 0-0 Nxf3+ 13. Bxf3 Bxf3 14. gxf3 Ne5 15. Qd4 Bc5 16. Qd2 Nxc4 0-1